Ricostruisci la Carriera del Calciatore - Glen Johnson - Statistics

Statistiche generali
  • Questo quiz è stato fatto 4 volte
  • Il punteggio medio è 2 su 6
Statistiche sulle risposte
Hint Risposta % Corretto
2009-2015 Liverpool
100%
2002 Millwall
67%
2003-2007 Chelsea
0%
2006-2009 Portsmouth
0%
2015-2018 Stoke City
0%
2001-2003 West Ham Utd
0%
Nessun quiz corrispondente trovato
Distribuzione punteggi
Percentuale di utenti per punteggio
Percentile per numero di risposta
I tuoi punteggi nel tempo
Non hai fatto questo quiz